MARC

LEADER 00000nam0a2200000 4500
001 261340
005 20231031221556.0
010 |a 5250001211 
035 |a (RuTPU)RU\TPU\book\284316 
090 |a 261340 
100 |a 20140522d1988 m y0rusy50 ca 
101 0 |a rus 
102 |a RU 
105 |a y z 000zy 
200 1 |a Как ускорить рост эффективности: вопросы и ответы  |f Л. Э. Кунельский 
210 |a Москва  |c Политиздат  |d 1988 
215 |a 223 с. 
606 1 |a Производства  |2 stltpush  |3 (RuTPU)RU\TPU\subj\52442 
610 1 |a эффективность 
610 1 |a вопросы 
610 1 |a ответы 
610 1 |a производительность труда 
610 1 |a научно-технический прогресс 
610 1 |a дисциплина 
610 1 |a интенсификация 
675 |a 658  |v 3 
700 1 |a Кунельский  |b Л. Э.  |g Леонид Эммануилович 
801 1 |a RU  |b 63413507  |c 20140522 
801 2 |a RU  |b 63413507  |c 20161130  |g RCR 
942 |c BK